1321 1510 1565 1963 1001 1910 1171 1966 1395 1654 1036 1369 1022 1522 1151 1710 1303 1366 1557 1138 1451 1632 1659 1926 1341 1533 1581 1852 1128 1115 1543 1752 1044 1713 1446 1159 1900 1519 1389 1613 1023 1108 1047 1208 1333 1454 1147 1722 1322 1793 1285 1664 1743 1744 1626 1863 1501 1254 1932 1723 1785 1140 1381 1123 1296 1471 1867 1767 1317 1742 1866 1593 1575 1915 1309 1771 1814 1026 1773 1899 1064 1650 1505 1542 1927 1766 1888 1159 1207 1969 1711 1611 1651 1720 1786 1492 1989 1783 1560 BCNSPRNW ULIB Ver.6.0+V

เปลี่ยนเป็นภาษาไทย

Change to English
 แสดงรายละเอียดบรรณานุกรม
  กลับหน้าหลัก

Brief Record : Get Marc (ISO 2709) : E-mail record : QR code < ปิดหน้าต่าง
LEADER : 00000nam 2200000uu 4500
001    13399124204
003     ULIB
008    150127s2557||||th 000 0 tha d
020    ^a9789740331940
060 04 ^aWI100^bส253ร
100 0  ^aสมนึก นิลบุหงา
245 10 ^aระบบทางเดินอาหารและการประยุกต์ /^cสมนึก นิลบุหงา, อุดมศรี โชว์พิทธพรชัย
250    ^aพิมพ์ครั้งที่ 1
260    ^aกรุงเทพฯ :^bสำนักพิมพ์แห่งจุฬาลงกรณ์มหาวิทยาลัย,^c2557
300    ^a361, [1] หน้า :^bภาพประกอบ ;^c26 ซม.
505 0  ^a^tบทนำระบบทางเดินอาหาร - -^tโครงสร้างในช่องปาก - -^tมหกายวิภาคของทางเดินอาหารที่เป็นท่อ - -^tจุลกายวิภาคของทางเดินอาหาร - -^tกะบังลมและเยื่อบุช่องท้อง
650  2 ^aGastrointestinal Agents
650  4 ^aกระเพาะอาหารและลำไส้, ระบบ
650  4 ^aกระเพาะอาหารและลำไส้, วิทยา
700 0  ^aอุดมศรี โชว์พิทธพรชัย
945    ^p250^l0^i038973
945    ^p250^l0^i038974
945    ^p250^l0^i038975
945    ^p250^l0^i038976
945    ^p250^l0^i038977
945    ^p250^l0^i038978
945    ^p250^l0^i038979
945    ^p250^l0^i038980
945    ^p250^l0^i038981
945    ^p250^l0^i038982
945    ^p250^l0^i038983
945    ^p250^l0^i038984
945    ^p250^l0^i039361
999    ^aเกษร โพธิ์สุวรรณ
รายการนี้ยังไม่มีแท็ก
คุณยังไม่ได้ล็อกอิน คุณสามารถมีกิจกรรมร่วมกับเว็บไซต์ได้ แต่ต้องล็อกอินก่อน ::
  ล็อกอิน

รายการสื่อสารสนเทศ

ลำดับที่ ประเภท เลขเรียก/บาร์โค้ด สถานที่ สถานะ
1. วิทยาศาสตร์การแพทย์ และสุขภาพ
วิทยาศาสตร์การแพทย์ และสุขภาพ
สถานะ=หนังสือเก่า
WI100 ส253ร ฉ.1 
  Barcode: 038973
ห้องสมุดวิทยาเขตสวรรค์ประชารักษ์
►ส่วนจัดเก็บหนังสือเก่า สปร
บนชั้น
  ขอยืม
2. วิทยาศาสตร์การแพทย์ และสุขภาพ
วิทยาศาสตร์การแพทย์ และสุขภาพ
WI100 ส253ร ฉ.10 
  Barcode: 038982
ห้องสมุดวิทยาเขตสวรรค์ประชารักษ์
►หนังสือทั่วไป
บนชั้น
3. วิทยาศาสตร์การแพทย์ และสุขภาพ
วิทยาศาสตร์การแพทย์ และสุขภาพ
WI100 ส253ร ฉ.11 
  Barcode: 038983
ห้องสมุดวิทยาเขตสวรรค์ประชารักษ์
►หนังสือทั่วไป
บนชั้น
4. วิทยาศาสตร์การแพทย์ และสุขภาพ
วิทยาศาสตร์การแพทย์ และสุขภาพ
สถานะ=หนังสือเก่า
WI100 ส253ร ฉ.12 
  Barcode: 038984
ห้องสมุดวิทยาเขตสวรรค์ประชารักษ์
►ส่วนจัดเก็บหนังสือเก่า สปร
บนชั้น
  ขอยืม
5. วิทยาศาสตร์การแพทย์ และสุขภาพ
วิทยาศาสตร์การแพทย์ และสุขภาพ
สถานะ=หนังสือเก่า
WI100 ส253ร ฉ.13 
  Barcode: 039361
ห้องสมุดวิทยาเขตสวรรค์ประชารักษ์
►ส่วนจัดเก็บหนังสือเก่า สปร
บนชั้น
  ขอยืม
6. วิทยาศาสตร์การแพทย์ และสุขภาพ
วิทยาศาสตร์การแพทย์ และสุขภาพ
สถานะ=หนังสือเก่า
WI100 ส253ร ฉ.2 
  Barcode: 038974
ห้องสมุดวิทยาเขตสวรรค์ประชารักษ์
►ส่วนจัดเก็บหนังสือเก่า สปร
บนชั้น
  ขอยืม
7. วิทยาศาสตร์การแพทย์ และสุขภาพ
วิทยาศาสตร์การแพทย์ และสุขภาพ
WI100 ส253ร ฉ.3 
  Barcode: 038975
ห้องสมุดวิทยาเขตสวรรค์ประชารักษ์
►หนังสือทั่วไป
บนชั้น
8. วิทยาศาสตร์การแพทย์ และสุขภาพ
วิทยาศาสตร์การแพทย์ และสุขภาพ
สถานะ=หนังสือเก่า
WI100 ส253ร ฉ.4 
  Barcode: 038976
ห้องสมุดวิทยาเขตสวรรค์ประชารักษ์
►ส่วนจัดเก็บหนังสือเก่า สปร
บนชั้น
  ขอยืม
9. วิทยาศาสตร์การแพทย์ และสุขภาพ
วิทยาศาสตร์การแพทย์ และสุขภาพ
สถานะ=หนังสือเก่า
WI100 ส253ร ฉ.5 
  Barcode: 038977
ห้องสมุดวิทยาเขตสวรรค์ประชารักษ์
►ส่วนจัดเก็บหนังสือเก่า สปร
บนชั้น
  ขอยืม
10. วิทยาศาสตร์การแพทย์ และสุขภาพ
วิทยาศาสตร์การแพทย์ และสุขภาพ
สถานะ=หนังสือเก่า
WI100 ส253ร ฉ.6 
  Barcode: 038978
ห้องสมุดวิทยาเขตสวรรค์ประชารักษ์
►ส่วนจัดเก็บหนังสือเก่า สปร
บนชั้น
  ขอยืม
11. วิทยาศาสตร์การแพทย์ และสุขภาพ
วิทยาศาสตร์การแพทย์ และสุขภาพ
สถานะ=หนังสือเก่า
WI100 ส253ร ฉ.7 
  Barcode: 038979
ห้องสมุดวิทยาเขตสวรรค์ประชารักษ์
►ส่วนจัดเก็บหนังสือเก่า สปร
บนชั้น
  ขอยืม
12. วิทยาศาสตร์การแพทย์ และสุขภาพ
วิทยาศาสตร์การแพทย์ และสุขภาพ
สถานะ=หนังสือเก่า
WI100 ส253ร ฉ.8 
  Barcode: 038980
ห้องสมุดวิทยาเขตสวรรค์ประชารักษ์
►ส่วนจัดเก็บหนังสือเก่า สปร
บนชั้น
  ขอยืม
13. วิทยาศาสตร์การแพทย์ และสุขภาพ
วิทยาศาสตร์การแพทย์ และสุขภาพ
สถานะ=หนังสือเก่า
WI100 ส253ร ฉ.9 
  Barcode: 038981
ห้องสมุดวิทยาเขตสวรรค์ประชารักษ์
►ส่วนจัดเก็บหนังสือเก่า สปร
บนชั้น
  ขอยืม

รายการใกล้เคียง
    ผู้แต่ง [สมนึก นิลบุหงา]

    หัวเรื่อง [Gastrointestinal Agents]
    หัวเรื่อง [กระเพาะอาหารและลำไส้, ระบบ]
    หัวเรื่อง [กระเพาะอาหารและลำไส้, วิทยา]

BibComment


ยังไม่เคยถูกคอมเมนท์

คอมเมนท์ทรัพยากรรายการนี้
  คอมเมนท์: ระบบทางเดินอาหาร..


 Copyright 2026. Bcnsprnw @Library